Las variedades de la lengua española y su enseñanza.

Saved in:
Bibliografiske detaljer
Hovedforfatter: Moreno Fernández, Francisco (autor)
Format: Bog
Udgivet: Madrid, España: Arco/Libros, S.L., 2023.
Udgivelse:3ª edición.
Serier:Manuales formación profesores español 2/L
Fag:
Tags: Tilføj Tag
Ingen Tags, Vær først til at tagge denne postø!

MARC

LEADER 00000nam a22000007a 4500
003 CL-VaPUC
005 20240812120023.0
008 240807t2023 ||||| |||| 00| 0 eng d
999 |c 444414  |d 444412 
020 |a 978-84-7635-802-3 
040 |c Pontificia Universidad Católica de Valparaíso 
082 7 |2 22  |a 467 MOR 2023 
100 |a Moreno Fernández, Francisco  |9 550602  |e autor 
245 |a Las variedades de la lengua española y su enseñanza. 
250 |a 3ª edición. 
260 |a Madrid, España:  |b Arco/Libros, S.L.,  |c 2023. 
300 |a 259 páginas. 
490 |a Manuales formación profesores español 2/L 
500 |a c.1 Entregados por Profesor René Venegas 07-08-2024 
583 |c 20240807  |k Catalogador Asistente 
650 0 |9 890582  |a Lengua española  |x Variación  |z América  |z España  |z Africa  |z Asia 
650 0 |9 314728  |a Lengua española  |x Enseñanza 
650 0 |9 890126  |a Spanish language  |x Variation  |z America  |z Spain  |z Africa  |z Asia 
651 |a Spanish language  |x Teaching  |9 890583 
942 |2 ddc  |c BK 
952 |0 0  |1 0  |2 ddc  |4 0  |6 467_000000000000000_MOR_2023  |7 0  |8 A  |9 596229  |a BIBGIM  |b BIBGIM  |d 2024-08-07  |i 5662340  |l 1  |m 2  |o 467 MOR 2023  |p 5662340  |r 2025-04-10  |s 2025-01-14  |t 1  |w 2024-08-07  |y BK  |k ELE